Sự thần kỳ Đông á: Tăng trưởng kimh tế và chính sách công cộng The East Asian micracle: Economic growth and public policy

Sách cung cấp các thông tin về những kết quả nghiên cứu vấn đề chính sách phát triển do các cán bộ Ngân hàng Thế giới tiến hành. Nghiên cứu này chỉ ra rằng sự tăng trưởng phi thường về kinh tế ở Đông á có được chu yếu là nhờ hoạt...

全面介紹

Đã lưu trong:
書目詳細資料
主要作者: TT Kinh Tế Châu á - Thái Bình Dương
格式: 圖書
語言:Undetermined
出版: Hà Nội KHXH 1997
主題:
標簽: 添加標簽
沒有標簽, 成為第一個標記此記錄!
Thư viện lưu trữ: Trung tâm Học liệu Trường Đại học Cần Thơ
LEADER 01554nam a2200217Ia 4500
001 CTU_17717
008 210402s9999 xx 000 0 und d
020 |b 55000đ 
082 |a 330.95 
082 |b Tr550 
100 |a TT Kinh Tế Châu á - Thái Bình Dương 
245 0 |a Sự thần kỳ Đông á: Tăng trưởng kimh tế và chính sách công cộng 
245 4 |b The East Asian micracle: Economic growth and public policy 
245 0 |c TT Kinh Tế Châu á - Thái Bình Dương, VAPEC 
260 |a Hà Nội 
260 |b KHXH 
260 |c 1997 
520 |a Sách cung cấp các thông tin về những kết quả nghiên cứu vấn đề chính sách phát triển do các cán bộ Ngân hàng Thế giới tiến hành. Nghiên cứu này chỉ ra rằng sự tăng trưởng phi thường về kinh tế ở Đông á có được chu yếu là nhờ hoạt động tích lũy rất siêu việt các nguồn vốn, cả vốn vật chất lẫn con người. Tám nguồn kinh tế được nghiên cứu đã sử dụng những tập hợp chính sách rất khác nhau từ để mặc tới mang tính can thiệp cao. Chính một số can thiệp có lựa chọn đã góp phần vào tăng trưởng 
650 |a asia - economic conditions 
904 |i Minh, 970804 
980 |a Trung tâm Học liệu Trường Đại học Cần Thơ